01445nam a2200337Ia 450000500170000000800330001702000180005008200190006810000180008724502540010525000220035930000480038149000360042953400280046565000220049365000540051565000480056965000230061770000380064070000440067870000410072270000360076394200120079926400230081133600270083433700330086133800280089404000350092299900150095795201350097220220317000247.0141031s2010 s a0 sga d s  a978849874157504a745.5942bM11t1 aMccabe, Laura10aTécnicas maestras para embellecer bisuteríabinspiradas en la flora, fauna, arte modernista ... cLaura McCabe ; ilustraciones J'aime Allene ; fotografías Stewart O'Shields ; traducción Ana María Aznar ; revisión técnica Inés Herrera aPrimera edición a143 páginasbilustraciones a colorc26 cm aMaestros Diseñadores de Joyas tEmbellished beadweaving142LEMBaBisutería142LEMBaJoyas de fantasíaxElaboraciónvGuías142LEMBaBisuteríaxProducciónxTécnicas142LEMBaArtesanías1 aAllene, J'aimeeilustrador9993041 aO'Shields, Stewartdfotografía9142341 aAznar, Ana Maríaetraductor9142201 aHerrera, Inésdrevisor914235 2ddccBK aMadridbDracc2010 atextobtxt2rdacontent asin mediaciónbn2rdamedia avolumenbnc2rdacarrier aCO-BoRNBPbspaerdacCO-BoRNBP c3548d3548 00102ddc40708GENaMECASARIbMECASARIcGENd2024-11-10l0o745.5942 M11tpBM0001569r2024-11-10 09:09:29tEj.1w2024-11-10yBK